[Event "Calcutta"]
[Site "Calcutta"]
[Date "1998.??.??"]
[Round "3"]
[White "Kunte, Abhijit"]
[Black "Barua, Dibyendu"]
[Result "1/2-1/2"]
[WhiteElo "2460"]
[BlackElo "2520"]

1.Nf3 d5 2.g3 c6 3.Bg2 Bf5 4.O-O Nf6 5.d3 a5 6.Nbd2 h6 7.c4 e6 8.cxd5 exd5
9.e4 Bh7 10.Re1 dxe4 11.Qb3 Bb4 12.a3 O-O 13.dxe4 Bc5 14.Qxb7 Ra7 15.Qb3 Re7
16.h3 Nxe4 17.Nxe4 Bxe4 18.Be3 Bd5 19.Qc3 Bxe3 20.Rxe3 Rxe3 21.Qxe3 Re8 22.Qd2 Nd7
23.Re1 Rxe1+ 24.Nxe1 Ne5 25.Qd4 Qd6 26.Nd3 Nxd3 27.Qxd3  1/2-1/2

[Event "Cannes op"]
[Site "Cannes"]
[Date "1998.??.??"]
[Round "3"]
[White "Giffard, Nicolas"]
[Black "Fontaine, Robert"]
[Result "0-1"]
[WhiteElo "2395"]
[BlackElo "2365"]

1.Nf3 d5 2.g3 c6 3.Bg2 Bg4 4.O-O Nd7 5.d4 e6 6.Nbd2 Ngf6 7.Re1 Be7 8.e4 Nb6
9.c3 O-O 10.Qb3 Bh5 11.Ne5 Nfd7 12.Nxd7 Qxd7 13.a4 Rad8 14.a5 Nc8 15.a6 b5
16.Nf3 f6 17.exd5 exd5 18.Bf4 Rfe8 19.Nd2 Kh8 20.Qa2 g5 21.Be3 Nd6 22.Nb3 Nc4
23.Na5 Nxe3 24.fxe3 f5 25.b3 f4 26.exf4 gxf4 27.Re5 Bg4 28.gxf4 Bd6 29.Nb7 Bxe5
30.dxe5 Rg8 31.Kh1 Bh3 32.Rg1 Rdf8 33.Qf2 Bxg2+ 34.Rxg2 Rxg2 35.Qxg2 Qf5
36.h3 Qxf4 37.e6 Rg8 38.e7 Qc1+ 39.Kh2 Rxg2+ 40.Kxg2 Qg5+  0-1

[Event "Cannes op"]
[Site "Cannes"]
[Date "1998.??.??"]
[Round "6"]
[White "Giffard, Nicolas"]
[Black "Lukasiewicz, Grzegorz"]
[Result "1/2-1/2"]
[WhiteElo "2395"]
[BlackElo "2370"]

1.Nf3 d5 2.g3 c6 3.Bg2 Bg4 4.d4 Nf6 5.Nbd2 e6 6.O-O Nbd7 7.Re1 Be7 8.e4 dxe4
9.Nxe4 Nxe4 10.Rxe4 Nf6 11.Re1 O-O 12.c3 Qb6 13.Qb3 Qxb3 14.axb3 Bf5 15.Ne5 Rfd8
16.b4 a6 17.Bd2 h6 18.Nc4 Nd5 19.Na5 Rab8 20.Nb3 Bd6 21.c4 Nf6 22.Bc3 Bd3
23.Na5 Bc7 24.Rad1 Bg6 25.Rd2 Rd7 26.Nb3 Bd6 27.Nc5 Rdd8 28.b3 Be7 29.Nd3 Bf5
30.Nc5 Nd7 31.Ne4  1/2-1/2

[Event "Cannes op"]
[Site "Cannes"]
[Date "1998.??.??"]
[Round "6"]
[White "Anic, Darko"]
[Black "Drazic, Sinisa"]
[Result "1/2-1/2"]
[WhiteElo "2455"]
[BlackElo "2515"]

1.Nf3 d5 2.g3 c5 3.Bg2 g6 4.O-O Bg7 5.d3 Nc6 6.Nbd2 Nf6 7.e4 O-O 8.Re1 dxe4
9.dxe4 h6 10.c3 Be6 11.Qe2 Ng4 12.Nc4 b5 13.Ne3 Nxe3 14.Bxe3 b4 15.cxb4 Nxb4
16.Bxc5 Nxa2 17.Red1 Qc7 18.Bd4 Bb3 19.Bxg7 Kxg7 20.Rd2 e5 21.Qb5 Be6 22.Qxe5+ Qxe5
23.Nxe5 Rfc8 24.Nf3 Nc1 25.Nd4 Nb3 26.Nxb3 Bxb3 27.e5 Rab8 28.Be4 Rc5 29.Rxa7 Rxe5
30.Rb7 Rxb7 31.Bxb7 g5 32.f3 Rb5 33.Ba6 Rb6 34.Be2 Rb4 35.Kf2 Kf6 36.Ke3 Ke5
37.Kd3 Rd4+ 38.Kc3 Rxd2 39.Kxd2 Kd4 40.Bd3 Bd5 41.f4 gxf4 42.gxf4 Bb3 43.Bb1 Ba4
44.Ke2 Bb3 45.Kf3 Bd1+ 46.Kg3 Bb3 47.Kg4 Ke3 48.f5 Bd1+ 49.Kg3 f6 50.Ba2 Ke4
51.Be6 Ke5 52.b4 Ba4 53.Kg4 Be8 54.Bc8 Ke4 55.b5 Bxb5 56.Kh5 Kf4 57.Kg6 Bd3
58.Kxf6 h5 59.h3 h4 60.Kg6 Be4  1/2-1/2

[Event "Cannes op"]
[Site "Cannes"]
[Date "1998.??.??"]
[Round "8"]
[White "Anic, Darko"]
[Black "Korneev, Oleg"]
[Result "1/2-1/2"]
[WhiteElo "2455"]
[BlackElo "2560"]

1.Nf3 d5 2.g3 c6 3.Bg2 Bg4 4.b3 Nd7 5.Bb2 Qc7 6.c4 dxc4 7.bxc4 e5 8.Qc2 Ngf6
9.d3 Bxf3 10.Bxf3 h5 11.Nd2 O-O-O 12.Bc3 Bc5 13.Nb3 h4 14.Qb2 Rde8 15.Nxc5 Nxc5
16.Qa3 b6 17.O-O-O Kb7 18.Bb4 e4 19.Bxc5 exf3 20.Bd6 Qd7 21.exf3 Qf5 22.f4 Ng4
23.Qb2 Nxf2 24.Qxf2 Qf6 25.Be5 Rxe5 26.Qb2 Re6 27.Qxf6 gxf6 28.Kd2 b5 29.cxb5 cxb5
30.Rde1 Ra6 31.Re7+ Kb6 32.Rc1 Rxa2+ 33.Ke3 a5 34.Rxf7 a4 35.Rxf6+ Ka5 36.g4 Rxh2
37.g5 Rh3+ 38.Kf2 Rxd3 39.g6 h3 40.f5 h2 41.g7 Rhh3 42.Rh1 Rhg3 43.Rg6 Rxg6
44.fxg6 Rd8 45.Rxh2 Rg8 46.Ke2 Rxg7 47.Rg2 a3 48.Kd3 Ka4 49.Kc2 b4 50.Rg4 a2
51.Kb2 a1=Q+ 52.Kxa1 Ka3 53.Kb1 b3 54.Rg5 Re7 55.Ra5+ Kb4 56.Rg5 Rg7 57.Kb2 Kc4
58.Rg4+ Kd5 59.Kxb3 Ke5 60.Kc4 Kf5 61.Rg1 Rxg6 62.Rxg6 Kxg6  1/2-1/2

[Event "Cappelle op"]
[Site "Cappelle la Grande"]
[Date "1998.??.??"]
[Round "1"]
[White "Yuferov, Sergey  N"]
[Black "Savchenko, Stanislav"]
[Result "1/2-1/2"]
[WhiteElo "2390"]
[BlackElo "2595"]

1.Nf3 d5 2.g3 c6 3.Bg2 Bg4 4.Ne5 Bf5 5.c4 e6 6.d4 Nd7 7.Nxd7 Qxd7 8.cxd5 cxd5
9.Nc3 Nf6 10.O-O Be7 11.f3 Rd8 12.Bf4 O-O 13.Rc1 h6 14.Qd2 Bg6 15.a3 Rc8
16.Na2 Bd6 17.Bxd6 Qxd6 18.Rxc8 Rxc8 19.Rc1 Rxc1+  1/2-1/2

[Event "Cappelle op"]
[Site "Cappelle la Grande"]
[Date "1998.??.??"]
[Round "1"]
[White "Markowski, Tomasz"]
[Black "Yasseen, Aly"]
[Result "1/2-1/2"]
[WhiteElo "2505"]
[BlackElo "2325"]

1.g3 d5 2.Nf3 g6 3.c4 c6 4.Qa4 Nd7 5.cxd5 cxd5 6.Bg2 Nf6 7.O-O Bg7 8.Nc3 O-O
9.d3 e5 10.Bg5 d4 11.Nd5 h6 12.Nxf6+ Nxf6 13.Bd2 Nd5 14.Qb3 Be6 15.Qxb7 Qd6
16.Rfc1 Rfb8 17.Qc6 Qxc6 18.Rxc6 Rxb2 19.Ra6 Rab8 20.Rxa7 Rb1+ 21.Rxb1 Rxb1+
22.Bf1 Nc3 23.Kg2 Nxa2 24.Ra8+ Kh7 25.Ra5 Rb2 26.Be1 Nc3 27.Nxe5 Nxe2 28.Nc4 Rc2
29.Na3 Ra2 30.Nc4 Rc2 31.Na3 Rb2 32.Nc4 Rc2  1/2-1/2

[Event "Cappelle op"]
[Site "Cappelle la Grande"]
[Date "1998.??.??"]
[Round "2"]
[White "Komljenovic, Davor"]
[Black "Rausis, Igors"]
[Result "1/2-1/2"]
[WhiteElo "2425"]
[BlackElo "2520"]

1.Nf3 d5 2.g3 Nf6 3.Bg2 e6 4.O-O Be7 5.d3 b6 6.c4 O-O 7.Nc3 Bb7 8.cxd5 Nxd5
9.Nxd5 Bxd5 10.Bd2 c5 11.Bc3  1/2-1/2

[Event "Cappelle op"]
[Site "Cappelle la Grande"]
[Date "1998.??.??"]
[Round "7"]
[White "Grabarczyk, Miroslaw"]
[Black "Danielian, Elina"]
[Result "1-0"]
[WhiteElo "2505"]
[BlackElo "2345"]

1.Nf3 d5 2.g3 Nf6 3.Bg2 Bg4 4.d3 Nbd7 5.c4 c6 6.O-O e6 7.cxd5 cxd5 8.Nc3 Be7
9.h3 Bh5 10.e4 dxe4 11.dxe4 O-O 12.g4 Bg6 13.Qe2 Nc5 14.Ne5 Rc8 15.Rd1 Qb6
16.Be3 Qa5 17.Nxg6 hxg6 18.e5 Nfd7 19.Rab1 Qc7 20.b4 Na6 21.Nb5 Qd8 22.a3 Nc7
23.Bxb7 Rb8 24.Bc6 Nd5 25.Bxa7 Rxb5 26.Bxb5 Nc3 27.Qc4 Nxb1 28.Rxd7 Qe8 29.Qc1  1-0

[Event "Chemnitz op"]
[Site "Chemnitz"]
[Date "1998.??.??"]
[Round "9"]
[White "Sichinava, Roman"]
[Black "Mchedlishvili, Mikheil"]
[Result "1-0"]
[WhiteElo "2410"]
[BlackElo "2365"]

1.Nf3 d5 2.g3 Nf6 3.Bg2 c5 4.O-O Nc6 5.d4 e6 6.c4 cxd4 7.cxd5 exd5 8.Nxd4 Be7
9.Nxc6 bxc6 10.Qc2 Bd7 11.Nd2 O-O 12.Nb3 Re8 13.Be3 Bf8 14.Bc5 Bxc5 15.Nxc5 Rc8
16.Rfd1 Bg4 17.Rd2 Nd7 18.e4 Be6 19.Nxe6 fxe6 20.Re1 Nf6 21.Rde2 Qb6 22.h3 e5
23.Qd3 dxe4 24.Bxe4 Qd4 25.Bxh7+ Kh8 26.Bg6 Red8 27.Qf5 e4 28.Rxe4 Nxe4 29.Qh5+ Kg8
30.Qh7+  1-0

[Event "CZE-ch U18"]
[Site "CZE"]
[Date "1998.??.??"]
[Round "?"]
[White "Cvek, Robert"]
[Black "Fiala, Robert"]
[Result "1/2-1/2"]
[WhiteElo "2455"]
[BlackElo "2080"]

1.Nf3 d5 2.g3 Nf6 3.Bg2 c6 4.d3 Bf5 5.Nbd2 h6 6.b3 Nbd7 7.Bb2 e6 8.O-O Be7
9.Qe1 O-O 10.e4 dxe4 11.dxe4 Bh7 12.Qe2 Qc7 13.a3 Rfd8 14.e5 Nd5 15.Rac1 a5
16.Rfe1 Nc5 17.Nd4 Rd7 18.f4 Rad8 19.Qf2 Nb6 20.Nf1 a4 21.f5 exf5 22.Nxf5 Bxf5
23.Qxf5 axb3 24.cxb3 Ne6 25.Kh1 Rd3 26.Re3 Rd1 27.Rxd1 Rxd1 28.Rd3 Rxd3 29.Qxd3 Qd8
30.Qe2 Bc5  1/2-1/2

[Event "CZE-chT2 9899"]
[Site "CZE"]
[Date "1998.??.??"]
[Round "?"]
[White "Hornicek, Jiri"]
[Black "Svatos, Jan"]
[Result "0-1"]
[WhiteElo "2270"]
[BlackElo "2355"]

1.Nf3 d5 2.g3 Nf6 3.Bg2 Bf5 4.d3 Nbd7 5.O-O c6 6.b3 e6 7.Bb2 h5 8.c4 h4 9.Nxh4 Rxh4
10.gxh4 Bd6 11.Nd2 Ng4 12.Nf3 Nde5 13.Nxe5 Nxe5 14.Bxe5 Bxe5 15.d4 Bc7 16.f4 Qxh4
17.Qe1 Qh7 18.Rc1 O-O-O 19.b4 Rh8 20.h4 Be4 21.Rf3 Bxf3 22.Bxf3 Bxf4 23.e3 Qg6+
24.Bg2 Bg3 25.Qd2 Rxh4 26.b5 Bc7 27.bxc6 bxc6 28.cxd5 exd5 29.Qc2 Qg3 30.Qf5+ Kd8
31.Kf1 Qxe3 32.Re1 Rf4+ 33.Qxf4 Qxf4+ 34.Kg1 Qxd4+ 35.Kf1 Bg3  0-1

[Event "CZE-chT 9899"]
[Site "CZE"]
[Date "1998.??.??"]
[Round "1"]
[White "Freisler, Pavel"]
[Black "Trichkov, Vasil"]
[Result "0-1"]
[WhiteElo "2340"]
[BlackElo "2350"]

1.Nf3 d5 2.g3 Nf6 3.Bg2 Bf5 4.c4 e6 5.Qb3 Qc8 6.cxd5 exd5 7.Nc3 c6 8.d3 Nbd7
9.O-O Be7 10.Re1 O-O 11.e4 dxe4 12.dxe4 Nc5 13.Qc2 Bh3 14.e5 Bxg2 15.Kxg2 Nfd7
16.Bg5 Re8 17.h4 Bf8 18.Rad1 h6 19.Bc1 a5 20.Qf5 Nb6 21.Qf4 Qe6 22.Nd4 Qc4
23.Nf5 Nd3 24.Rxd3 Qxd3 25.Qg4 Kh7 26.Ne4 Qd5 27.Kh2 Rxe5 28.Nxh6 Rxe4 29.Rxe4 gxh6
30.Rf4 Re8 31.Rf5 Re5  0-1

[Event "Moravia-chT 9899"]
[Site "CZE"]
[Date "1998.??.??"]
[Round "2"]
[White "Vavra, Pavel"]
[Black "Harasta, Vladimir"]
[Result "1-0"]
[WhiteElo "2220"]
[BlackElo "2200"]

1.Nf3 d5 2.g3 Nd7 3.d4 Ngf6 4.Bg2 e6 5.O-O b6 6.c4 Bb7 7.Nbd2 Be7 8.b3 O-O
9.Bb2 Rc8 10.Rc1 c5 11.e3 Re8 12.Qe2 Ne4 13.cxd5 exd5 14.Rfd1 Bf6 15.Nxe4 dxe4
16.Ne5 Bxe5 17.dxe5 Qe7 18.Bh3 Rcd8 19.Bxd7 Rxd7 20.Rxd7 Qxd7 21.Rd1 Qc8
22.Rd6 Ba6 23.Qd1 h6 24.e6 fxe6 25.Rd7 e5 26.Qd5+ Kh8 27.Qf7 Rg8 28.Bxe5 Qf8
29.Qxf8  1-0

[Event "CZE-chT 9899"]
[Site "CZE"]
[Date "1998.??.??"]
[Round "3"]
[White "Stratil, Ladislav Jr"]
[Black "Pacovsky, Jiri"]
[Result "1/2-1/2"]
[WhiteElo "2360"]
[BlackElo "2355"]

1.Nf3 d5 2.g3 c6 3.Bg2 Nf6 4.d3 Bf5 5.Nbd2 e6 6.O-O Bc5 7.Qe1 O-O 8.e4 Bg6
9.Ne5 dxe4 10.dxe4 Nbd7 11.Nxg6 hxg6 12.Qe2 e5 13.Nf3 Qc7 14.b3 Rfe8 15.Bb2 a5
16.a3 b5 17.Ng5 Nb6 18.Kh1 Qe7 19.Nf3 Bd6 20.Nd2 Nbd7 21.Rfd1 Red8 22.Nf1 Nb6
23.Ne3 Bc5 24.Rd3 a4 25.Rxd8+ Rxd8 26.Nf1 axb3 27.cxb3 Bd4 28.Bxd4 Rxd4 29.Qc2  1/2-1/2

[Event "CZE-chT 9899"]
[Site "CZE"]
[Date "1998.??.??"]
[Round "3"]
[White "Freisler, Pavel"]
[Black "Zurek, Milan"]
[Result "1/2-1/2"]
[WhiteElo "2325"]
[BlackElo "2445"]

1.Nf3 d5 2.g3 c6 3.Bg2 Bg4 4.b3 Nd7 5.Bb2 e6 6.O-O f5 7.d3 Ngf6 8.Nbd2 Bb4
9.a3 Ba5 10.b4 Bb6 11.Qe1 O-O 12.Nd4 Qe7 13.h3 Bh5 14.e4 fxe4 15.dxe4 dxe4
16.Nxe4 e5 17.Nf5 Qe6 18.Nfd6 Nxe4 19.Nxe4 Qc4 20.Qd2 Bf3 21.Nd6 Qd5 22.Qxd5+ cxd5
23.c4 Bxg2 24.Kxg2 Rf6 25.c5 Bc7 26.Rad1 d4 27.Nb5 Bb8 28.f4 a6 29.Nd6 Bxd6
30.cxd6 Rxd6 31.fxe5 Nxe5 32.Rxd4 Rxd4 33.Bxd4 Nc4 34.a4 Rd8 35.Rf4 g5 36.Bf6 gxf4
37.Bxd8 fxg3 38.b5 axb5 39.axb5 Nd6 40.b6 Nf5 41.Bc7 Kf7 42.Bxg3 Nxg3  1/2-1/2

[Event "CZE-chT 9899"]
[Site "CZE"]
[Date "1998.??.??"]
[Round "4"]
[White "Gross, Stefan"]
[Black "Krajina, Ales"]
[Result "1/2-1/2"]
[WhiteElo "2330"]
[BlackElo "2280"]

1.Nf3 d5 2.g3 Nc6 3.Bg2 Bg4 4.c4 d4 5.Qa4 Qd7 6.d3 e5 7.h3 Bf5 8.g4 Be6 9.Ng5 h5
10.Nxe6 Qxe6 11.g5 h4 12.Nd2 f5 13.gxf6 gxf6 14.Bd5 Qd7 15.Rg1 Nge7 16.Ne4 Qf5
17.Qb5 Rb8 18.Bd2 a6 19.Qa4 Rd8 20.Qb3 Nxd5 21.cxd5 Ne7 22.Qxb7 Nxd5 23.Qxa6 Be7
24.Nc5 Bxc5 25.Qc6+ Rd7 26.Qxc5 Qxh3 27.O-O-O Qe6 28.Kb1 Qb6 29.Qc4 h3 30.e4 dxe3
31.fxe3 h2 32.Rh1 Qd6 33.Qg4 Rdh7 34.d4 Qd7 35.Qe4 Rh4 36.Qg6+ Qf7 37.Qf5 Qh7
38.Qxh7 R8xh7 39.dxe5 fxe5 40.Be1 Nxe3 41.Bxh4 Nxd1 42.Rxh2 Ne3 43.Re2 Rxh4
44.Rxe3 Rh5  1/2-1/2

[Event "CZE-chT2 9798"]
[Site "CZE"]
[Date "1998.??.??"]
[Round "7.3"]
[White "Nun, Josef"]
[Black "Vavra, Jan"]
[Result "1-0"]
[WhiteElo "2315"]
[BlackElo "2255"]

1.Nf3 d5 2.g3 Nf6 3.Bg2 c6 4.O-O g6 5.b3 Bg7 6.Bb2 O-O 7.d3 Nfd7 8.Bxg7 Kxg7
9.e4 dxe4 10.dxe4 e5 11.Nbd2 Qf6 12.Nc4 b5 13.Ne3 Nc5 14.Nh4 Rd8 15.Qe2 Nbd7
16.Rad1 b4 17.Rd6 Ba6 18.Qd1 Bxf1 19.Rxf6 Bxg2 20.Rd6 Bxe4 21.f3  1-0

[Event "CZE-chT2 9798"]
[Site "CZE"]
[Date "1998.??.??"]
[Round "8.1"]
[White "Vavruska, David"]
[Black "Vavra, Pavel"]
[Result "1/2-1/2"]
[WhiteElo "2300"]
[BlackElo "2340"]

1.Nf3 d5 2.g3 c6 3.Bg2 Bg4 4.d3 Nd7 5.Nbd2 Ngf6 6.O-O e5 7.e4 Bd6 8.h3 Bh5
9.Qe1 O-O 10.Nh4 Re8 11.Nf5 Bf8 12.Nb3 Bg6 13.Be3 Qc7 14.Qe2 b5 15.a4 a5
16.Bd2 b4 17.Bg5 h6 18.Bc1 Rad8 19.Re1 Nc5 20.Nxc5 Bxc5 21.Qf3 Re6 22.b3 Qb6
23.Bb2 dxe4 24.dxe4 Rd2 25.Re2 Nxe4 26.Qxe4 Bxf5 27.Rxd2 Bxe4 28.Bxe4 g6
29.Rf1 Be7 30.Rd7 Qc5 31.Bd3 Bf6 32.Bc4 Re7 33.Rfd1 Kg7 34.R7d6 h5 35.Kg2 g5
36.f4 Re8 37.Rd7 Be7 38.Bxe5+ f6 39.Bd4 Qf5 40.fxg5 Qxc2+ 41.Bf2 fxg5 42.Re1 Kf8
43.Bd3 Qd2 44.Bf5 Bd6 45.Be4 Qxe1 46.Bxe1 Rxe4 47.Bf2  1/2-1/2

[Event "Moravia-chT 9798"]
[Site "CZE"]
[Date "1998.??.??"]
[Round "9.8"]
[White "Riska, Lubomir"]
[Black "Omelka, Marek"]
[Result "1/2-1/2"]
[WhiteElo "2240"]
[BlackElo "2115"]

1.Nf3 d5 2.g3 Nc6 3.d4 Bf5 4.Bg2 Nf6 5.O-O e6 6.c4 Be7 7.Ne5 O-O 8.Nc3 Na5
9.cxd5 exd5 10.Qa4 c6 11.b4 Nc4 12.Nxc4 dxc4 13.b5 Qxd4 14.Bb2 Qd2 15.Ba3 Bxa3
16.Qxa3 Nd5 17.Nxd5 cxd5 18.Rac1 Be4 19.e3 Bxg2 20.Kxg2 Qe2 21.Rfd1 Rfd8
22.Rd4 h6 23.Rcd1 Rac8 24.R1d2 Qh5 25.Qc3 Qg5 26.h3 Kh7 27.Rg4 Qf6 28.Rdd4 Kh8  1/2-1/2

[Event "CZE-chT2 9798"]
[Site "CZE"]
[Date "1998.??.??"]
[Round "9.4"]
[White "Pick, Stepan"]
[Black "Lamser, Jan"]
[Result "1-0"]
[WhiteElo "2210"]
[BlackElo "2230"]

1.Nf3 d5 2.g3 Nf6 3.Bg2 e6 4.O-O Be7 5.d4 O-O 6.c4 c5 7.cxd5 exd5 8.Nc3 Nc6
9.Bg5 cxd4 10.Nxd4 Re8 11.h3 Qb6 12.Be3 Qa5 13.Qb3 Qb4 14.Rfd1 Be6 15.Ncb5 Rec8
16.Qxb4 Nxb4 17.Nxa7 Rxa7 18.Nxe6 Rxa2 19.Rxa2 Nxa2 20.Nf4 Rc2 21.Nxd5 Nxd5
22.Bxd5 Rxb2 23.Ra1  1-0

[Event "CZE-chT2 9798"]
[Site "CZE"]
[Date "1998.??.??"]
[Round "10.4"]
[White "Nun, Josef"]
[Black "Ruzicka, Zdenek"]
[Result "1-0"]
[WhiteElo "2315"]
[BlackElo "2205"]

1.Nf3 d5 2.g3 g6 3.Bg2 Bg7 4.O-O e5 5.d3 Ne7 6.Nbd2 O-O 7.e4 c6 8.Qe2 Nd7
9.b3 Re8 10.Bb2 d4 11.a4 a5 12.Nc4 Qc7 13.Ba3 c5 14.Bc1 Nc6 15.h3 Nb4 16.Nh2 Nb6
17.Na3 Bd7 18.f4 exf4 19.Bxf4 Be5 20.Ng4 Bxg4 21.Qxg4 Qe7 22.Rf2 h5 23.Qf3 Nd7
24.Nc4 Nc6 25.Raf1 h4 26.Qg4 hxg3 27.Bxg3 Bxg3 28.Rxf7 Nde5 29.Qxg3 Nxf7
30.Qxg6+ Kf8 31.e5 Ra6 32.Qh7 Qe6 33.Rf6 Nxe5 34.Rxe6 Raxe6 35.Nxe5 Rxe5
36.Be4 Ke7 37.Qh4+ Kd6 38.Qf6+  1-0

[Event "POL-ch sf"]
[Site "Czestochowa"]
[Date "1998.??.??"]
[Round "4"]
[White "Michalski, Olaf"]
[Black "Weglarz, Leszek"]
[Result "0-1"]
[WhiteElo "2305"]
[BlackElo "2395"]

1.Nf3 d5 2.g3 Nf6 3.Bg2 e6 4.O-O Be7 5.d4 O-O 6.c4 dxc4 7.Nbd2 b5 8.a4 c6
9.e4 Na6 10.e5 Nd5 11.Ne4 Rb8 12.h4 b4 13.Qc2 c3 14.Neg5 g6 15.b3 c5 16.dxc5 Nxc5
17.h5 Ba6 18.Rd1 Qc7 19.hxg6 fxg6 20.Nd4 Bxg5 21.Bxg5 Qxe5 22.Nxe6 Nxe6 23.Rxd5 Qg7
24.Be3 Bb7 25.Rad1 Rbd8 26.Rxd8 Nxd8 27.Bf1 Qf6 28.Bc4+ Nf7 29.f4 Qc6 30.Rd5 Re8
31.Bd4 Qc8 32.Re5 Rxe5 33.fxe5 Qg4 34.e6  0-1

[Event "Decin op-A"]
[Site "Decin"]
[Date "1998.??.??"]
[Round "8"]
[White "Mirumian, Vigen"]
[Black "Karlovich, Anastazia"]
[Result "1-0"]
[WhiteElo "2470"]
[BlackElo "2165"]

1.Nf3 d5 2.g3 Nf6 3.Bg2 c6 4.O-O Bg4 5.b3 Nbd7 6.Bb2 e6 7.d3 Bd6 8.c4 O-O
9.Nbd2 Qe7 10.a3 a5 11.Qc2 Rfe8 12.e4 dxe4 13.dxe4 e5 14.h3 Bh5 15.Nh4 Bg6
16.Rfd1 Bc5 17.Nxg6 hxg6 18.Nf3 Bd6 19.h4 Nc5 20.b4 axb4 21.axb4 Na6 22.c5 Nxb4
23.cxd6 Nxc2 24.Rxa8 Qf8 25.Rxe8 Qxe8 26.Nxe5 Nb4 27.d7 Qd8 28.Bc3 c5 29.Bf1 Nxe4
30.Bxb4  1-0

[Event "DEN-ch cand"]
[Site "Denmark"]
[Date "1998.??.??"]
[Round "1"]
[White "Borbjerggaard, Lars"]
[Black "Pedersen, Daniel Vesterbaek"]
[Result "1/2-1/2"]
[WhiteElo "2360"]
[BlackElo "2250"]

1.Nf3 d5 2.g3 c6 3.Bg2 Bg4 4.O-O Nd7 5.d3 Ngf6 6.Nbd2 e6 7.Re1 Bc5 8.c3 O-O
9.h3 Bh5 10.e4 dxe4 11.Nxe4 Nxe4 12.Rxe4 e5 13.Re1 Qc7 14.g4 Bg6 15.Nh4 Rad8
16.Be4 Nf6 17.Qf3 Nxe4 18.dxe4 Qe7 19.Nf5 Bxf5 20.exf5 Rd7 21.Be3 f6 22.Rad1 Rfd8
23.Rxd7 Rxd7 24.Rd1 Bxe3 25.fxe3 Qd8 26.Rxd7 Qxd7 27.Qe2 Qd5 28.c4 Qe4 29.b3 h5
30.Kf2 Kh7 31.Qf3 Qc2+ 32.Qe2 Qe4 33.Qf3 Qb1 34.Qe2 Kh6 35.e4 h4 36.Qe3+ Kh7
37.Qe2 Qh1 38.Qf3 Qh2+ 39.Qg2 Qf4+ 40.Qf3 Qh2+ 41.Qg2 Qf4+ 42.Qf3 Qd2+ 43.Qe2 Qd4+
44.Qe3 Qb2+ 45.Qe2 Qb1 46.g5 fxg5 47.Qh5+ Kg8 48.Qe8+ Kh7 49.Qh5+ Kg8 50.Qe8+ Kh7
51.Qh5+ Kg8  1/2-1/2

[Event "DEN-ch cand"]
[Site "Denmark"]
[Date "1998.??.??"]
[Round "1"]
[White "Antonsen, Mikkel"]
[Black "Hansen, Lars"]
[Result "1-0"]
[WhiteElo "2405"]
[BlackElo "2245"]

1.Nf3 d5 2.g3 Nf6 3.Bg2 c6 4.O-O Bg4 5.d3 Nbd7 6.Nbd2 e5 7.e4 Bd6 8.h3 Bh5
9.Qe1 O-O 10.b3 Re8 11.Bb2 Nc5 12.Nh4 Ne6 13.Nf5 Bc7 14.f4 exf4 15.e5 Bg6
16.g4 Bb6+ 17.Kh2 Bxf5 18.gxf5 Nd4 19.Rxf4 Nxc2 20.Qd1 Nxa1 21.Bxa1 Bc7 22.d4 h6
23.Kh1 Nh7 24.Nf3 f6 25.h4 Qe7 26.Rg4 Rad8 27.Bb2 Qb4 28.Ne1 Qf8 29.e6 Qd6
30.Kg1 h5 31.Rg6 Qh2+ 32.Kf1 Qf4+ 33.Qf3 Qxf3+ 34.Bxf3 Nf8 35.Rg2 g6 36.Bxh5 Re7
37.Bc1 Kh8 38.Bxg6 Nxg6 39.Rxg6 Rg7 40.Rxf6 Bd6 41.Bg5 Rc8 42.Rh6+ Rh7 43.Bf6+ Kg8
44.Rg6+ Kf8 45.Nf3 Be7 46.Ng5 Rxh4 47.Bg7+ Kg8 48.Bh6+ Kh8 49.Nf7+ Kh7 50.Rg7+  1-0

[Event "Mester Aktiv Alliancen"]
[Site "Denmark"]
[Date "1998.??.??"]
[Round "2"]
[White "Hansen, Morten Moller"]
[Black "Kristensen, Leif"]
[Result "1-0"]
[WhiteElo "2075"]
[BlackElo "2375"]

1.Nf3 d5 2.g3 c5 3.d3 Nc6 4.Nbd2 e5 5.e4 d4 6.Bg2 Bd6 7.Nh4 Nge7 8.Nc4 O-O
9.f4 Bc7 10.f5 b5 11.Nd2 Ba5 12.O-O Bxd2 13.Bxd2 f6 14.g4 h6 15.a4 Ba6 16.Nf3 c4
17.axb5 Bxb5 18.Ne1 Kf7 19.Bf3 Rh8 20.Be2 Qb6 21.Kg2 cxd3 22.Bxd3 Bxd3 23.Nxd3 a5
24.Ra4 Nc8 25.Qa1 Rd8 26.Qa2+ Kf8 27.Qa3+ Nd6 28.Kf3 Kg8 29.Ra1 Rac8 30.Qb3+ Qxb3
31.cxb3 Nb4 32.Bxb4 axb4 33.Nxb4 Rd7 34.Ra8 Rc7 35.Nd5 Rf7 36.Rxc8+ Nxc8
37.Ra8 Rf8 38.Rxc8 Rxc8 39.Ne7+  1-0

[Event "Dieren op"]
[Site "Dieren"]
[Date "1998.??.??"]
[Round "3"]
[White "Hartoch, Robert G"]
[Black "Vakhidov, Tahir"]
[Result "1/2-1/2"]
[WhiteElo "2320"]
[BlackElo "2470"]

1.Nf3 d5 2.g3 g6 3.Bg2 Bg7 4.O-O e5 5.d3 Ne7 6.e4 O-O 7.Nbd2 Nbc6 8.c3 a5
9.Re1 h6 10.exd5 Nxd5 11.Nc4 Re8 12.a4 Bf5 13.Nh4 Be6 14.Nf3 Bf5 15.Nh4 Be6
16.Nf3  1/2-1/2

[Event "Dieren op"]
[Site "Dieren"]
[Date "1998.??.??"]
[Round "8"]
[White "Van der Weide, Karel"]
[Black "Jonkman, Harmen"]
[Result "1-0"]
[WhiteElo "2450"]
[BlackElo "2315"]

1.Nf3 d5 2.g3 c6 3.Bg2 Bg4 4.O-O Nd7 5.d3 Ngf6 6.Nbd2 e5 7.e4 Bd6 8.h3 Bh5
9.b3 O-O 10.Bb2 Re8 11.Qe1 Qc7 12.Nh4 Bg6 13.Qe2 Rad8 14.a4 a5 15.Rad1 Nc5
16.Rfe1 Qb6 17.Ba1 Ne6 18.Nxg6 hxg6 19.Nf3 d4 20.h4 Nc5 21.Ng5 Qc7 22.Rf1 b5
23.axb5 cxb5 24.f4 exf4 25.Bxd4 Nh5 26.gxf4 Bxf4 27.Bf2 Ne6 28.Nxe6 Rxe6
29.d4 Bh2+ 30.Kh1 Bg3 31.e5 Re7 32.Qg4 Bxf2 33.Rxf2 Qc3 34.Kg1 a4 35.bxa4 bxa4
36.Qg5 Qc7 37.Rfd2 a3 38.c4 Rb8 39.Bd5 Rb2 40.Rxb2 axb2 41.Rb1 Qa7 42.Qd2 Rxe5
43.Qxb2 Kh7 44.Ra1 Re2 45.Rxa7 Rxb2 46.Bxf7 Rd2 47.d5 Nf4 48.c5 Nd3 49.c6 Ne5
50.Kf1 Nxf7 51.Rxf7 Rxd5 52.c7 Rc5 53.Ke2 Kh6 54.Rf8  1-0

[Event "Dieren op"]
[Site "Dieren"]
[Date "1998.??.??"]
[Round "8"]
[White "Van Beek, Lucien"]
[Black "Willemze, Jeroen"]
[Result "1/2-1/2"]
[WhiteElo "2190"]
[BlackElo "2290"]

1.Nf3 d5 2.g3 Bg4 3.Bg2 Nd7 4.c4 e6 5.d4 c6 6.cxd5 Bxf3 7.Bxf3 cxd5 8.e4 Bb4+
9.Bd2 Bxd2+ 10.Qxd2 Ne7 11.exd5 Nxd5 12.Bxd5 exd5 13.O-O O-O 14.Nc3 Nf6 15.Rfe1 Qd7
16.Re5 Rfe8 17.Rae1 h6 18.Qe2 Kf8 19.Qb5 Qxb5 20.Nxb5 Red8 21.Re7 a6 22.Nc3 Re8
23.R7e5 Rac8 24.Kf1 Rc4  1/2-1/2

[Event "Dieren op"]
[Site "Dieren"]
[Date "1998.??.??"]
[Round "9"]
[White "Hartoch, Robert G"]
[Black "Mikhalevski, Victor"]
[Result "0-1"]
[WhiteElo "2320"]
[BlackElo "2545"]

1.Nf3 d5 2.g3 Bg4 3.Bg2 Nd7 4.h3 Bh5 5.d3 c6 6.O-O Ngf6 7.Qe1 e5 8.e4 dxe4
9.dxe4 Bc5 10.Nbd2 O-O 11.Nb3 Be7 12.Bd2 Qc7 13.Bc3 Rfe8 14.a4 Bxf3 15.Bxf3 Nc5
16.Nxc5 Bxc5 17.Rd1 a5 18.Qe2 Bb4 19.Bd2 Bxd2 20.Rxd2 Qb6 21.c3 Rad8 22.Rfd1 Rxd2
23.Rxd2 g6 24.Qc4 Kg7 25.Bd1 Re7 26.Kg2 Nd7 27.Qb3 Qc5 28.Qc2 Nf6 29.Be2 h6
30.Rd8 Qb6 31.Rd2 Nd7 32.Bc4 Qc5 33.Qd3 Nf6 34.Qe2 h5 35.Ba2 h4 36.g4 Rc7
37.f3 Qe7 38.Qf2 Rd7 39.Bc4 Rxd2 40.Qxd2 Nh7 41.b4 b6 42.b5 cxb5 43.Bxb5 Qf6
44.Bc4 Nf8 45.Bd5 Nd7 46.g5 Qf4 47.Qxf4 exf4 48.Kf2 Nf8 49.e5 Nh7 50.e6 fxe6
51.Bxe6 Nxg5 52.Bg4 Kf6 53.Ke2 Ne6 54.Bxe6 Kxe6 55.Kd2 Kd6 56.Kd3 Kd5 57.c4+ Kc5  0-1

[Event "Sparkasse op"]
[Site "Dortmund"]
[Date "1998.??.??"]
[Round "?"]
[White "Shpilker, Boris"]
[Black "Feigin, Mihail"]
[Result "0-1"]
[WhiteElo "2375"]
[BlackElo "2515"]

1.Nf3 d5 2.g3 Bg4 3.Bg2 Nd7 4.O-O c6 5.d3 Ngf6 6.Nbd2 e5 7.c4 Bd6 8.h3 Bh5
9.Nh4 O-O 10.Nf5 Qc7 11.cxd5 cxd5 12.Nf3 Rfe8 13.N3h4 Bg6 14.e4 dxe4 15.dxe4 Bc5
16.Qf3 Qb6 17.Re1 Nf8 18.Bf1 Ne6 19.a3 Rac8 20.b4 Bd4 21.Ra2 Rc3 22.Qe2 Kf8
23.Bd2 Rb3 24.Rc1 Rb2 25.Rxb2 Bxb2 26.Be3 Bd4 27.Bd2 Bh5 28.Qe1 Rd8 29.Rc2 g5
30.Ng2 Bf3 31.Bd3 Nxe4 32.Bxe4 Bxf2+ 33.Qxf2 Qxf2+ 34.Kxf2 Bxe4 35.Rb2 Bxf5
36.Ne3 Bg6 37.Nc4 f6 38.Be3 b6 39.a4 Bd3 40.Nd2 Nd4 41.a5 Nf5 42.axb6 Nxe3
43.Kxe3 axb6 44.Nf3 Bg6 45.Rb3 Rc8 46.Ra3 Rc4 47.Rb3 Bc2 48.Rb2 Rc3+ 49.Kf2 Bf5
50.h4 gxh4 51.Nxh4 Rc2+ 52.Rxc2 Bxc2 53.Ng2 Ke7 54.Ne3 Bb3 55.Kf3 Ke6 56.Kg4 Ba2
57.Kh5 Bb1 58.Nc4 b5 59.Ne3 Bd3 60.Kh6 Bg6 61.Kg7 f5 62.Ng2 Kd5 63.Kf6 e4
64.Nh4 f4  0-1

[Event "Sparkasse GM"]
[Site "Dortmund"]
[Date "1998.??.??"]
[Round "?"]
[White "Petrosian, Arshak B"]
[Black "Dergatschova Daus, Anna"]
[Result "1-0"]
[WhiteElo "2500"]
[BlackElo "2220"]

1.Nf3 d5 2.g3 Nc6 3.d4 Bg4 4.h3 Bxf3 5.exf3 e6 6.f4 g6 7.c3 Bg7 8.Nd2 Nge7
9.Nf3 Nf5 10.Bd3 Nd6 11.Qe2 Ne7 12.h4 c6 13.h5 Qc7 14.g4 gxh5 15.Rxh5 h6
16.Bd2 O-O-O 17.O-O-O Rhe8 18.Kb1 Ng8 19.Ne5 Nf6 20.Rh3 Nfe4 21.Bc1 Qb6 22.Ka1 f6
23.Ng6 f5 24.f3 fxg4 25.fxg4 c5 26.dxc5 Nxc5 27.Bc2 Qa5 28.Ne5 Nce4 29.c4 Kb8
30.cxd5 exd5 31.Rhd3 Qa6 32.Qh2 Nf6 33.g5 hxg5 34.fxg5 Ng8 35.Rxd5 Ka8 36.Nf3 Qc6
37.Kb1 Nf7 38.Rxd8+ Nxd8 39.Nd4 Qb6 40.Nf5 Be5 41.Qh7 Nc6 42.Bb3 Qb4 43.Bxg8 Qe4+
44.Ka1 Nb4 45.Ne3 Qc6 46.Bb3 Bf4 47.Nc2 Bxc1 48.Kb1  1-0